Spring moon; selections from the contemporary creative writings of Nigeria. (Record no. 79438)
[ view plain ]
| 000 -LEADER | |
|---|---|
| fixed length control field | 00679cam a22002411 4500 |
| 001 - CONTROL NUMBER | |
| control field | sa 68003381 |
| 003 - CONTROL NUMBER IDENTIFIER | |
| control field | DLC |
| 005 - DATE AND TIME OF LATEST TRANSACTION | |
| control field | 20260227112452.0 |
| 008 - FIXED-LENGTH DATA ELEMENTS--GENERAL INFORMATION | |
| fixed length control field | 710903s1966 pk 000 0 eng |
| 010 ## - LIBRARY OF CONGRESS CONTROL NUMBER | |
| LC control number | sa 68003381 //r71 |
| 025 ## - OVERSEAS ACQUISITION NUMBER | |
| Overseas acquisition number | PL480:P-E-1187 |
| 040 ## - CATALOGING SOURCE | |
| Original cataloging agency | DLC |
| Transcribing agency | DLC |
| Modifying agency | DLC |
| 050 00 - LIBRARY OF CONGRESS CALL NUMBER | |
| Classification number | PR9898.N55 |
| Item number | S6 |
| 082 00 - DEWEY DECIMAL CLASSIFICATION NUMBER | |
| Classification number | 820.8 |
| 245 00 - TITLE STATEMENT | |
| Title | Spring moon; selections from the contemporary creative writings of Nigeria. |
| 250 ## - EDITION STATEMENT | |
| Edition statement | [1st ed. |
| 260 0# - PUBLICATION, DISTRIBUTION, ETC. | |
| Place of publication, distribution, etc. | Lahore, |
| Date of publication, distribution, etc. | 1966] |
| 300 ## - PHYSICAL DESCRIPTION | |
| Extent | 202 p. |
| Dimensions | 18 cm. |
| 350 ## - PRICE (NR) (BK AM CF MU VM SE) [OBSOLETE] | |
| Price | Rs6.00 |
| -- | Rs3.00 to members. |
| 650 #0 - SUBJECT ADDED ENTRY--TOPICAL TERM | |
| Topical term or geographic name entry element | Nigerian literature (English) |
| 651 #0 - SUBJECT ADDED ENTRY--GEOGRAPHIC NAME | |
| Geographic name | Nigeria |
| General subdivision | Literary collections. |
| 710 20 - ADDED ENTRY--CORPORATE NAME | |
| Corporate name or jurisdiction name as entry element | Afro-Asian Book Club. |
No items available.